00233nam a2200097Ia 450000100070000000500170000700800410002424500370006526000260010230000070012858875420250717120837.0250717s9999 xx 000 0 und d 0aZ-2 ALA GEYİKcZİYA GÖKALP bERDEM YAYINLARIc2018 b88